Que no caiga la rama del olivo / (Record no. 14148)
[ view plain ]
| 000 -LEADER | |
|---|---|
| campo de control de longitud fija | 00688nam a2200217 i 4500 |
| 001 - NÚMERO DE CONTROL | |
| campo de control | 14148 |
| 003 - IDENTIFICADOR DE NÚMERO DE CONTROL | |
| campo de control | ES-MaACL |
| 005 - FECHA Y HORA DE LA ÚLTIMA TRANSACCIÓN | |
| campo de control | 20230906150733.0 |
| 007 - CAMPO FIJO DE DESCRIPCIÓN FÍSICA--INFORMACIÓN GENERAL | |
| campo de control de longitud fija | t| |
| 008 - DATOS DE LONGITUD FIJA--INFORMACIÓN GENERAL | |
| campo de control de longitud fija | 980120s1997 sp ||||0| spa j |
| 020 ## - NÚMERO INTERNACIONAL ESTÁNDAR DEL LIBRO | |
| Número Internacional Estándar del Libro | 84-920560-5-3 |
| 040 ## - FUENTE DE CATALOGACIÓN | |
| Centro catalogador/agencia de origen | M-BN |
| Lengua de catalogación | spa |
| Centro/agencia transcriptor | M-BN |
| 080 ## - NÚMERO DE LA CLASIFICACIÓN DECIMAL UNIVERSAL | |
| Número de la Clasificación Decimal Universal | 327.5(569.4) |
| 100 1# - ENTRADA PRINCIPAL--NOMBRE DE PERSONA | |
| Nombre de persona | Escribano de la Mata, Lydia. |
| 9 (RLIN) | 47636 |
| 245 10 - MENCIÓN DEL TÍTULO | |
| Título | Que no caiga la rama del olivo / |
| Mención de responsabilidad, etc. | autora, Lydia Escribano de la Mata. |
| 260 ## - PUBLICACIÓN, DISTRIBUCIÓN, ETC. | |
| Lugar de publicación, distribución, etc. | Madrid : |
| Nombre del editor, distribuidor, etc. | Asociación de Mujeres por la Paz, |
| Fecha de publicación, distribución, etc. | [1997] |
| 300 ## - DESCRIPCIÓN FÍSICA | |
| Extensión | 111 p. : |
| Otras características físicas | il. ; |
| Dimensiones | 21 cm. |
| 650 14 - PUNTO DE ACCESO ADICIONAL DE MATERIA--TÉRMINO DE MATERIA | |
| Término de materia o nombre geográfico como elemento de entrada | Conflicto árabe-israelí. |
| 9 (RLIN) | 11266 |
| 710 2# - ENTRADA AGREGADA--NOMBRE DE ENTIDAD CORPORATIVA | |
| Nombre de entidad corporativa o nombre de jurisdicción como elemento de entrada | Asociación de Mujeres por la Paz. |
| 9 (RLIN) | 1619 |
| 852 ## - LOCALIZACIÓN | |
| Ubicación | ES-MaACL |
| Número de control de estantería | L-21414 |
| Sublocalización o colección | R.126305 |
| Estatus retirado | Estado de pérdida | Estado de daño | No para préstamo | Biblioteca de origen | Biblioteca actual | Ubicación en estantería | Fecha de adquisición | Fuente de adquisición | Total de préstamos | Signatura topográfica completa | Código de barras | Visto por última vez | Precio de reemplazo | Tipo de ítem Koha |
|---|---|---|---|---|---|---|---|---|---|---|---|---|---|---|
| Biblioteca del Ateneo de Madrid | Biblioteca del Ateneo de Madrid | Depósito 2 | 17/01/2008 | L-21414 | 1014394 | 23/02/2023 | 23/02/2023 | Libro impreso |
